| 000 | 00000nam##2200000za#4500 |
| 001 | 9.698041 |
| 003 | CaOODSP |
| 005 | 20240522111751 |
| 007 | cr ||||||||||| |
| 008 | 150407|2000||||xxc|||||o f|0| 0 eng|d |
| 040 | |aCaOODSP|beng |
| 043 | |an-cn--- |
| 086 | 1 |aRG64-6/1-2000E-PDF |
| 110 | 1 |aCanada. |bOffice of the Superintendent of Bankruptcy. |
| 245 | 10|aCode of ethics for trustees in bankruptcy |h[electronic resource] |
| 260 | |aOttawa - Ontario : |bIndustry Canada. |cc2000. |
| 300 | |a7p. |
| 500 | |aThe catalogue number (RG64-6/1-2000) and ISBN (0-662-64632-0) for the bilingual print edition have been incorrectly copied in this electronic publication. |
| 590 | |a13-15-Supp|b2013-06-24 |
| 690 | 07|aBankruptcies|2gcpds |
| 690 | 07|aEthics|2gcpds |
| 775 | 08|tCode de déontologie des syndics de faillite |w(CaOODSP)9.642037 |
| 776 | 0#|tCode of ethics for trustees in bankruptcy |w(CaOODSP)9.661473 |
| 776 | 0#|tCode de déontologie des syndics de faillite |w(CaOODSP)9.661474 |
| 856 | 40|ahttp://publications.gc.ca|qPDF|s44 KB|uhttps://publications.gc.ca/collections/Collection/RG64-6-1-2000E.pdf |